Les 20 villes les plus peuplées d'Alsace de 1806 à 2023 - Statistiques

Statistiques générales
  • Ce quiz a été pris 115 fois
  • Le résultat moyen est 85 sur 160
Statistiques - réponses
Hint Réponse % Correct
1806 Strasbourg 51 465
100%
1846 Strasbourg 71 992
100%
1876 Strasbourg 94 306
100%
1911 Strasbourg 178 891
100%
1936 Strasbourg 192 911
100%
1968 Strasbourg 249 396
100%
1999 Strasbourg 264 115
100%
2023 Strasbourg 293 771
100%
1806 Mulhouse 8 053
99%
1846 Mulhouse 29 415
99%
1876 Mulhouse 63 617
99%
1911 Mulhouse 106 616
99%
1936 Mulhouse 100 903
99%
1968 Mulhouse 116 336
99%
1999 Mulhouse 110 359
99%
2023 Mulhouse 104 978
99%
1806 Colmar 14 465
95%
1846 Colmar 20 050
95%
1876 Colmar 23 990
95%
1911 Colmar 43 808
95%
1936 Colmar 49 411
95%
1968 Colmar 59 506
95%
1999 Colmar 65 136
95%
2023 Colmar 66 970
95%
1806 Sélestat 8 068
82%
1846 Sélestat 9 844
82%
1876 Sélestat 9 088
82%
1911 Sélestat 10 604
82%
1936 Sélestat 11 363
82%
1968 Sélestat 14 635
82%
1999 Sélestat 17 179
82%
2023 Sélestat 19 589
82%
1806 Haguenau 7 395
81%
1846 Haguenau 11 196
81%
1876 Haguenau 11 786
81%
1911 Haguenau 18 868
81%
1936 Haguenau 22 523
81%
1968 Haguenau 22 944
81%
1999 Haguenau 32 242
81%
2023 Haguenau 36 391
81%
1876 Illkirch-Graffenstaden 4 739
73%
1911 Illkirch-Graffenstaden 6 522
73%
1936 Illkirch-Graffenstaden 7 936
73%
1968 Illkirch-Graffenstaden 11 648
73%
1999 Illkirch-Graffenstaden 23 815
73%
2023 Illkirch-Graffenstaden 27 872
73%
1876 Schiltigheim 5 653
69%
1911 Schiltigheim 16 761
69%
1936 Schiltigheim 22 280
69%
1968 Schiltigheim 29 198
69%
1999 Schiltigheim 30 841
69%
2023 Schiltigheim 34 708
69%
1911 Saint-Louis 6 816
63%
1936 Saint-Louis 9 431
63%
1968 Saint-Louis 14 845
63%
1999 Saint-Louis 19 961
63%
2023 Saint-Louis 22 805
63%
1806 Saverne 4 163
61%
1846 Saverne 5 738
61%
1876 Saverne 6 201
61%
1911 Saverne 9 153
61%
1936 Saverne 9 141
61%
1968 Saverne 9 682
61%
1999 Saverne 11 201
61%
1806 Obernai 4 629
52%
1846 Obernai 5 023
52%
1876 Obernai 4 691
52%
2023 Obernai 12 587
52%
1806 Thann 3 989
49%
1846 Thann 5 872
49%
1876 Thann 7 544
49%
1911 Thann 7 413
49%
1936 Thann 6 455
49%
1968 Thann 8 318
49%
1806 Wissembourg 4 763
47%
1846 Wissembourg 6 273
47%
1876 Wissembourg 7 381
47%
1911 Wissembourg 7 835
47%
1936 Wissembourg 6 648
47%
1806 Guebwiller 3 174
46%
1846 Guebwiller 3 933
46%
1876 Guebwiller 11 622
46%
1911 Guebwiller 13 024
46%
1936 Guebwiller 10 579
46%
1968 Guebwiller 10 842
46%
1999 Guebwiller 11 525
46%
1846 Munster 4 437
46%
1876 Munster 5 148
46%
1911 Munster 5 974
46%
1968 Lingolsheim 8 287
44%
1999 Lingolsheim 16 860
44%
2023 Lingolsheim 20 826
44%
1936 Cernay 6 588
42%
1968 Cernay 8 563
42%
2023 Cernay 12 057
42%
1911 Bischheim 9 865
41%
1936 Bischheim 11 283
41%
1968 Bischheim 14 383
41%
1999 Bischheim 16 763
41%
2023 Bischheim 18 558
41%
1806 Erstein 3 168
39%
1911 Erstein 6 061
39%
1806 Ribeauvillé 4 766
39%
1846 Ribeauvillé 7 558
39%
1876 Ribeauvillé 5 785
39%
1911 Ribeauvillé 5 846
39%
1936 Wittenheim 6 189
36%
1968 Wittenheim 10 055
36%
1999 Wittenheim 15 026
36%
2023 Wittenheim 15 553
36%
1968 Illzach 10 575
33%
1999 Illzach 14 947
33%
2023 Illzach 14 923
33%
1806 Bischwiller 3 902
31%
1846 Bischwiller 6 260
31%
1876 Bischwiller 7 102
31%
1911 Bischwiller 8 149
31%
1936 Bischwiller 8 248
31%
1968 Bischwiller 8 780
31%
1999 Bischwiller 11 596
31%
2023 Bischwiller 12 242
31%
1999 Rixheim 12 608
31%
2023 Rixheim 14 380
31%
1806 Brumath 3 339
28%
1846 Brumath 4 204
28%
1876 Brumath 5 497
28%
1911 Brumath 5 542
28%
1936 Brumath 6 209
28%
1999 Hœnheim 10 726
28%
2023 Hœnheim 11 742
28%
1806 Soultz-Haut-Rhin 4 579
26%
1876 Soultz-Haut-Rhin 5 092
26%
1999 Kingersheim 11 961
24%
2023 Kingersheim 13 354
24%
1806 Barr 4 143
23%
1846 Barr 4 383
23%
1876 Barr 5 945
23%
1999 Ostwald 10 761
23%
2023 Ostwald 13 946
23%
1806 Sainte-Marie-aux-Mines 7 494
23%
1846 Sainte-Marie-aux-Mines 11 548
23%
1876 Sainte-Marie-aux-Mines 11 661
23%
1911 Sainte-Marie-aux-Mines 11 778
23%
1936 Sainte-Marie-aux-Mines 9 019
23%
1968 Sainte-Marie-aux-Mines 7 417
23%
1806 Rouffach 4 181
22%
1911 Riedisheim 5 678
21%
1936 Riedisheim 7 177
21%
1968 Riedisheim 9 811
21%
1999 Riedisheim 12 101
21%
2023 Riedisheim 12 200
21%
1936 Wittelsheim 7 154
17%
1968 Wittelsheim 10 088
17%
1806 Wasselonne 3 690
16%
1846 Wasselonne 4 427
16%
1846 Wintzenheim 3 896
15%
1806 Rosheim 3 643
9%
1846 Châtenois 4 160
8%
1846 Bouxwiller 4 036
7%
1876 Orbey 4 778
4%
Aucun quiz correspondant
Distribution des résultats
% des personnes avec chaque résultat
Percentile par nombre de réponses
Votre historique - résultats
Vous n’avez pas pris ce quiz